| 000 | 00374nam a2200145Ia 4500 | ||
|---|---|---|---|
| 008 | 150201s2007 xx 000 0 und d | ||
| 082 |
_a616.24 _bF07F |
||
| 100 | _aFISHMANN , ALFRED.P | ||
| 245 | _aFISHMAN,S PULMONARY DISEASES AND DISORDERS-I | ||
| 250 | _a4TH | ||
| 260 |
_bMC GRAW HILL _aNEW YORK _c2007 |
||
| 300 | _a1-1328 | ||
| 650 | _aPHYSIOTHERAPY | ||
| 942 |
_2ddc _cBK |
||
| 999 |
_c1394 _d1394 |
||